Statistics for South American Countries From Greek To English

Click here to take the quiz!

General Stats

  • This quiz has been taken 141 times
  • The average score is 11 of 12

Answer Stats

GreekEnglish% Correct
ΒολιβίαBolivia
99%
ΒραζιλίαBrazil
99%
ΑργεντινήArgentina
97%
ΧιλήChile
97%
ΚολομβίαColombia
97%
Ισημερινός (Εκουαδόρ)Ecuador
96%
ΠερούPeru
96%
ΒενεζουέλαVenezuela
96%
ΠαραγουάηParaguay
94%
ΟυρουγουάηUruguay
94%
ΓουιάναGuyana
93%
ΣουρινάμSuriname
93%

Score Distribution

Percentile by Number Answered

Percent of People with Each Score

Your Score History

You have not taken this quiz